Online Catalogue and eLibrary

The new first aid in english (Record no. 3028)

MARC details
000 -LEADER
fixed length control field 00739nam a2200169Ia 4500
005 - DATE AND TIME OF LATEST TRANSACTION
control field 20240813034845.0
008 - FIXED-LENGTH DATA ELEMENTS--GENERAL INFORMATION
fixed length control field 240331s9999 xx 000 0 und d
020 ## - INTERNATIONAL STANDARD BOOK NUMBER
ISBN 071694409X
082 ## - DDC Classification
Item Number - Author Mark THE
Class No. 407
100 ## - MAIN ENTRY--PERSONAL NAME
Personal name Maciver, A.
245 #4 - TITLE STATEMENT
Title The new first aid in english
250 ## - EDITION STATEMENT
Edition statement Revised Edition
260 ## - PUBLICATION, DISTRIBUTION, ETC.
Place of publication, distribution, etc. Glasgow
Name of publisher, distributor, etc. Robert Gibson
Date of publication, distribution, etc. 1986
300 ## - PHYSICAL DESCRIPTION
Extent (e.g. Volumes, Pages etc.) 192 p .,
500 ## - GENERAL NOTE
General note " The New First Aid in English can be highly recommended and its readers are equally stimulating.... they include legends: extracts from old works and new. Questions and exercises about the stories and poems are provided: and black and white illustrations, combined with good print and paper, add to the attraction of this excellent series."
942 ## - Koha item type (Biblio)
Koha item type Books in Stacks (Lending)
Holdings
Lost status Damaged status Collection code Home library Current library Shelving location Date acquired Full call number Accession Number Item type
    Lending WERC Library WERC Library Social Science Cupboard 03/31/2024 407 THE 644 Books in Stacks (Lending)

© WERC Library